Budoucnost balíkových služeb čeká v softwaru

Rast významu automatizácie a robotizácie vo všetkých priemyselných oblastiach. Využívanie najnovších technológií pri náhrade kvalifikovanej pracovnej sily. Nové technológie v expresných balíkových službách.

Enregistré dans:
Détails bibliographiques
Auteur principal: Toman, Pavel
Format: Chapitre de livre
Langue:tchèque
Sujets:
Tags: Ajouter un tag
Pas de tags, Soyez le premier à ajouter un tag!

MARC

LEADER 00000naa a2200000 4500
001 0241928
005 20180411143115.9
041 0 |a cze 
044 |a CZ 
245 1 0 |a Budoucnost balíkových služeb čeká v softwaru  |c Pavel Toman 
520 |a Rast významu automatizácie a robotizácie vo všetkých priemyselných oblastiach. Využívanie najnovších technológií pri náhrade kvalifikovanej pracovnej sily. Nové technológie v expresných balíkových službách. 
610 2 0 |a technológie nové 
610 2 0 |a technológie informačné 
610 2 0 |a technológie komunikačné 
610 2 0 |a zasielateľstvo 
610 2 0 |a preprava 
610 2 0 |a služby 
610 2 0 |a logistika 
100 1 |a Toman, Pavel